000 nam a22 7a 4500
999 _c7771
_d7771
008 171009b xxu||||| |||| 00| 0 eng d
100 _94250
_aSharma.A.
245 _aGeneral Knowledge-6
260 _aNew Delhi